| 000 | 01295pam a2200313 a 4500 | ||
|---|---|---|---|
| 001 | 85787 | ||
| 003 | BD-RjUL | ||
| 005 | 20251006120050.0 | ||
| 008 | 870714r19871889nyu b 001 0 ang | ||
| 020 |
_a0527000922 (alk. paper) : _c$40.00 |
||
| 020 | _a9780527000929 | ||
| 035 | _a(BD-RjUL) 85787 | ||
| 040 |
_aDLC _cDLC _dDLC _beng |
||
| 041 | 0 |
_aang _aeng _alat |
|
| 082 | 0 | 0 |
_a241/.0414 _219 _bDEF 1987 |
| 100 | 0 |
_aDefensor, _dactive 7th century. _917058 |
|
| 245 | 1 | 0 |
_aDefensor's liber scintillarum : _bwith an interlinear Anglo-Saxon version / _cedited by E.W. Rhodes. |
| 260 |
_aMillwood, NY : _bKraus Reprint, _c1987. |
||
| 300 |
_axvi, 250 p. ; _c22 cm. |
||
| 490 | 1 |
_aEarly English Text Society. Original series ; _v93 |
|
| 500 | _aText in Anglo-Saxon and Latin, with introduction in English. | ||
| 500 | _aReprint. Originally published: London : Published for the Early English Text Society by N. Trübner, 1889. (Early English Text Society. Original series ; 93) | ||
| 504 | _aIncludes bibliographical references and index. | ||
| 650 | 0 |
_aChristian ethics _xEarly works to 1800. _917059 |
|
| 700 | 1 |
_aRhodes, E. W. _917060 |
|
| 830 | 0 |
_aEarly English Text Society (Series). _v93. _916471 |
|
| 942 |
_2ddc _cBK |
||
| 999 |
_c85787 _d85787 |
||